Kluby zachodniopomorskie, Ekstraklasa, I, II, III liga - Statystyki

Ogólne statystyki
  • Ten quiz został rozwiązany 32 razy
  • Średni wynik to 3 z 6
Statystyki odpowiedzi
Liga Klub % Poprawnych
Ekstraklasa Pogoń Szczecin
100%
II liga Świt Szczecin
67%
III liga Błękitni Stargard
59%
III liga Flota Świnoujście
52%
III liga Wybrzeże Rewalskie Rewal
19%
III liga Kluczenia Stargard
0%
Nie znaleziono quizów pasujących do podanych kryteriów
Rozkład punktacji
Procent ludzi z każdym wynikiem
Percentyl według liczby udzielonych odpowiedzi
Twoja historia wyników
Nie rozwiązałeś tego quizu